000 00707nam a2200229 i 4500
003 DO-SdBNP
005 20240910083158.0
007 ta
008 240910s1987 dr 000 j spa d
040 _aDO-SdBNP
_bspa
_cBNPHU
_erda
082 _bC744p
_222
100 1 _aConcepción, Mario
_d1912-1989
_920516
_eautor
245 1 0 _aPresencia de Martí en La Vega /
_cMario Concepción
264 1 _a[La Vega, República Dominicana] :
_b[editor no identificado],
_c1987.
300 _a10 páginas,
_c21 cm.
336 _2rdacontent
_atexto
_btxt
337 _2rdamedia
_asin mediación
_bn
338 _2rdacarrier
_avolumen
_bnc
590 _aInventariado, 2024/ YL
910 _aYLockward
942 _2ddc
_cLF2
999 _c57661
_d57661